| 000 | 00431nam a2200145Ia 4500 | ||
|---|---|---|---|
| 008 | 230917s9999||||xx |||||||||||||| ||und|| | ||
| 040 |
_e180823 _aMAIN |
||
| 041 | _aEnglish | ||
| 082 | _a891.433711 SU21A | ||
| 100 | _aसैगल, उमेश | ||
| 245 | 0 | _aअपनी पहचान | |
| 260 |
_aदिल्ली _bहिन्दी साहित्य संसार _c1982 |
||
| 300 | _a136 पृ. p. | ||
| 942 | _cHN | ||
| 999 |
_c42957 _d42957 |
||